000
00192nam a22000857a 4500
999
_c
66456
_d
66453
100
_a
خان
245
_a
ترکي لوگ کہانیان
260
_a
اسلام آباد
_b
ماڈرن
942
_c
BK